000 00780nam a22002657a 4500
001 0006912
003 KOHA_MİRAKIL
005 20260207001538.0
007 ta
008 090814b1985 tu |||gr||||#||||0|fre |
040 _aTR-BiSEU
_btur
_cTR-BiSEU
_erda
041 0 _afre
044 _ctu
050 _aDS195
_b.A83 1985
100 1 _aAtaöv, Türkkaya.
245 1 4 _aUne source Britannique (1916) relative a la question Armenienne/
_cTürkkaya Ataöv ; Türkkaya Ataöv.
264 1 _aAnkara :
_b[y. y.]
_c1985
300 _a20 sayfa
336 _ametin
_btxt
_2rdacontent
337 _aaracısız
_bn
_2rdamedia
338 _acilt
_bnc
_2rdacarrier
650 0 _aArmenian question--Sources.
_916638
650 0 _aErmeni sorunu--Kaynaklar.
_917076
942 _2lcc
_cBK
999 _c6893
_d6893